El papa tiene buena voluntad, pero no puede revolucionar el papel de la mujer en la Iglesia: entrevista a Ivone Gebara /
Gespeichert in:
| 1. Verfasser: | |
|---|---|
| Format: | Buch |
| Sprache: | Spanish |
| Tags: |
Tag hinzufügen
Keine Tags, Fügen Sie den ersten Tag hinzu!
|
MARC
| LEADER | 00000nam a22000007a 4500 | ||
|---|---|---|---|
| 003 | cru CIDCACS/IIS | ||
| 005 | 20191024151120.0 | ||
| 007 | ta | ||
| 008 | 191024s2015 cu |||p|r|||| 00| ||spa|d | ||
| 999 | |c 42536 |d 42536 | ||
| 040 | |c cru CIDCACS/IIS | ||
| 100 | 1 | |9 8738 |a Lopes, Paulo Emanuel | |
| 245 | 1 | 3 | |a El papa tiene buena voluntad, pero no puede revolucionar el papel de la mujer en la Iglesia: |b entrevista a Ivone Gebara / |c Paulo Emanuel Lopes |
| 300 | |a páginas 51-56 | ||
| 773 | 0 | |0 41970 |9 2987 |a Centro Memorial Dr. Martin Luther King, Jr |d La Habana, Cuba: Centro Memorial Dr. Martin Luther King, Jr, |o 17771 |t Caminos: |x 10257733 | |
| 942 | |2 ddc |c PP | ||
